[Event "CFriend SH-2005-0-00039 email"]
[Site "Chessfriend.com"]
[Date "2005.08.10"]
[Round "1"]
[White "Chaeichi, Navid"]
[Black "Matic, Davor"]
[Result "1/2-1/2"]
[WhiteElo "2280"]
[BlackElo "2243"]
[PlyCount "49"]
[EventDate "2005.08.10"]
[EventType "tourn (corr)"]
[EventRounds "6"]
[SourceTitle "Corr 2008"]
[Source "ChessBase"]
[SourceDate "2008.06.24"]
[SourceVersion "1"]
[SourceVersionDate "2008.06.24"]
[SourceQuality "1"]

1. Nf3 Nf6 2. g3 b5 3. Bg2 Bb7 4. 0-0 e6 5. d3 Be7 6. Nbd2 d5 7. c4 bxc4 8. dxc4 0-0 9. b3 c5 10. Bb2 Nc6 11. e3 Qc7 12. cxd5 exd5 13. Qb1 Rad8 14. Rc1 Rfe8 15. a3 a5 16. Qf5 Bc8 17. Qc2 Ng4 18. h3 Nge5 19. Nxe5 Nxe5 20. Bd4 Ba6 21. b4 Nc4 22. bxc5 Bxc5 23. Nf3 Bxd4 24. Nxd4 Qd6 25. Qa4 1/2-1/2

[Event "CFriend SH-2005-0-00039 email"]
[Site "Chessfriend.com"]
[Date "2005.08.10"]
[Round "1"]
[White "Perez, Brigiliano"]
[Black "Chaeichi, Navid"]
[Result "1-0"]
[WhiteElo "2374"]
[BlackElo "2280"]
[PlyCount "55"]
[EventDate "2005.08.10"]
[EventType "tourn (corr)"]
[EventRounds "6"]
[SourceTitle "Corr 2008"]
[Source "ChessBase"]
[SourceDate "2008.06.24"]
[SourceVersion "1"]
[SourceVersionDate "2008.06.24"]
[SourceQuality "1"]

1. e4 c5 2. Nf3 d6 3. d4 cxd4 4. Nxd4 Nf6 5. Nc3 a6 6. Be3 e5 7. Nb3 Be6 8. f3 h5 9. Nd5 Bxd5 10. exd5 Nbd7 11. c4 Be7 12. Be2 g6 13. 0-0 Kf8 14. f4 exf4 15. Rxf4 h4 16. Qd4 Kg8 17. Raf1 h3 18. g3 Ne5 19. c5 Rc8 20. Qd2 Nh5 21. Re4 Nf6 22. Rxe5 dxe5 23. d6 Bf8 24. Na5 Rb8 25. Bg5 Bg7 26. b4 Ne4 27. Bxd8 Nxd2 28. Bc7 1-0

[Event "IECC Swiss email"]
[Site "IECC email"]
[Date "2001.08.27"]
[Round "?"]
[White "Chaeichi, Navid"]
[Black "Goze, Tolga"]
[Result "0-1"]
[WhiteElo "2223"]
[BlackElo "1713"]
[PlyCount "84"]
[EventDate "2001.??.??"]
[EventType "tourn (corr)"]
[EventRounds "6"]
[SourceTitle "Corr 2008"]
[Source "ChessBase"]
[SourceDate "2008.06.24"]
[SourceVersion "1"]
[SourceVersionDate "2008.06.24"]
[SourceQuality "1"]

1. e4 c5 2. Nf3 d6 3. d4 cxd4 4. Nxd4 Nf6 5. Nc3 a6 6. h3 b5 7. Nd5 e6 8. Nxf6+ Qxf6 9. Bd3 Bb7 10. Be3 d5 11. exd5 Bxd5 12. 0-0 Bd6 13. a4 b4 14. Qh5 g6 15. Qh6 Qe5 16. g3 Bf8 17. Qh4 Be7 18. Qg4 f5 19. Qd1 0-0 20. Be2 Nc6 21. Nxc6 Bxc6 22. Qd4 Bf6 23. Qxe5 Bxe5 24. c3 bxc3 25. bxc3 Rfb8 26. Ra2 a5 27. Rd1 Kf7 28. f4 Bxc3 29. Rc1 Bd5 30. Rac2 Bb2 31. Rc7+ Kg8 32. R1c5 g5 33. Bb5 gxf4 34. gxf4 Ba3 35. Rc2 Bd6 36. R7c3 Kf7 37. Kf1 Rg8 38. Be2 Rab8 39. Bh5+ Ke7 40. Bc5 Bxc5 41. Rxc5 Rb4 42. Rxa5 Rb1+ 0-1

[Event "IECG CM.2000.0.00126"]
[Site "IECG email"]
[Date "2000.12.19"]
[Round "?"]
[White "Labahn, Wolfgang"]
[Black "Chaeichi, Navid"]
[Result "1-0"]
[WhiteElo "2225"]
[BlackElo "2280"]
[PlyCount "81"]
[EventDate "2000.12.19"]
[EventType "tourn (corr)"]
[EventRounds "6"]
[SourceTitle "Corr 2008"]
[Source "ChessBase"]
[SourceDate "2008.06.24"]
[SourceVersion "1"]
[SourceVersionDate "2008.06.24"]
[SourceQuality "1"]

1. e4 c5 2. Bc4 Nc6 3. Nc3 e6 4. d3 d6 5. Nh3 Be7 6. 0-0 Nf6 7. f4 d5 8. Bb5 dxe4 9. Bxc6+ bxc6 10. dxe4 Qd4+ 11. Nf2 0-0 12. Qf3 Ba6 13. Rd1 Qb4 14. a3 Qb7 15. b3 Qc7 16. Bb2 Rfd8 17. Na4 c4 18. b4 c5 19. Nxc5 Bxc5 20. bxc5 Nd7 21. Qg4 g6 22. Qh4 e5 23. Qe7 Rac8 24. c6 Nf8 25. Qxc7 Rxd1+ 26. Rxd1 Rxc7 27. Bxe5 Rxc6 28. Ng4 f6 29. Nxf6+ Kf7 30. Nxh7 c3 31. Nxf8 Kxf8 32. Rd6 Rxd6 33. Bxd6+ Kf7 34. Kf2 Bd3 35. Ke3 Bxc2 36. Bb4 Ba4 37. Bxc3 Ke6 38. g4 Bc6 39. f5+ gxf5 40. exf5+ Kf7 41. g5 1-0